LEADER 00930nam0-22003131i-450- 001 990005631790403321 005 20091216124118.0 010 $a8820802902 035 $a000563179 035 $aFED01000563179 035 $a(Aleph)000563179FED01 035 $a000563179 100 $a19990604d1982----km-y0itay50------ba 101 0 $aita 105 $ay-------001yy 200 1 $aAnnuario 1979$eeventi del 1978$fa cura dell'Archivio storico delle arti contemporanee 210 $aVenezia$cLa Biennale di Venezia$dc1982 215 $a379 p.$d24 cm 610 0 $aBiennale di Venezia$aAnnuario$aAnnuari 676 $a707.4 712 02$aASAC$9 712 02$aBiennale di Venezia 801 0$aIT$bUNINA$gRICA$2UNIMARC 901 $aBK 912 $a990005631790403321 952 $a707.4 BDV 1$bST.ARTE 15093$fFLFBC 959 $aFLFBC 996 $aAnnuario 1979$9605189 997 $aUNINA LEADER 01254nam--2200385---450- 001 990003088810203316 005 20080418164746.0 010 $a978-3-540-74328-6 035 $a000308881 035 $aUSA01000308881 035 $a(ALEPH)000308881USA01 035 $a000308881 100 $a20080328d2008----km-y0itay50------ba 101 $aeng 102 $aDE 105 $aa---||||001yy 200 1 $aTutorials in mathematical biosciencs IV$eevolution and ecology$fAvner Friedman (ed.)$gWith contributions by: C. Cosner, D. Janies...[et al.] 210 $aBerlin (etc.)$cSpringer$dcopyr. 2008 215 $aVI, 205 p.$cill.$d24 cm 225 2 $aLecture Notes in Mathematics$iMathematical Biosciences Subseries$v1922 410 0$12001$aLecture Notes in Mathematics$v1922 606 0 $aBiomatematica 676 $a574.91 700 1$aFRIEDMAN,$bAvner$026273 702 1$aCOSNER,$bC. 702 1$aJANIES,$bD. 801 0$aIT$bsalbc$gISBD 912 $a990003088810203316 951 $a510 LNM 1922$b36472/CBS$c510$d00216852 959 $aBK 969 $aSCI 979 $aANGELA$b90$c20080328$lUSA01$h1524 979 $aANGELA$b90$c20080418$lUSA01$h1647 996 $aTutorials in mathematical biosciencs IV$91019414 997 $aUNISA